Piłka nożna - Serie A kółko i krzyżyk v.3 - Statystyki

Ogólne statystyki
  • Ten quiz został rozwiązany 335 razy
  • Średni wynik to 4 z 9
Statystyki odpowiedzi
Hint Odpowiedź % Poprawnych
Napoli/Polska Bereszyński | Zieliński | Milik | Łasicki
99%
Roma/Polska Zalewski | Szczęsny | Skorupski | Boniek
98%
Roma/Niemcy Hummels | Rudiger | Habler | Berthold | Voller | Schnellinger | Schutz
59%
Lazio/Niemcy Ibrahimovic | Leiner | Klose | Hitzlsperger | Doll | Riedle
38%
Roma/Czechy Schick
38%
Lazio/Czechy Kozak | Rozehnal | Poborsky | Nedved
33%
Napoli/Niemcy Demme | Younes | Flick
19%
Lazio/Polska Dziczek | Czyż
13%
Napoli/Czechy Jankulovski
7%
Nie znaleziono quizów pasujących do podanych kryteriów
Rozkład punktacji
Procent ludzi z każdym wynikiem
Percentyl według liczby udzielonych odpowiedzi
Twoja historia wyników
Nie rozwiązałeś tego quizu